书目信息 |
| 题名: |
城市生态安全导论
|
|
| 作者: | 曹伟, 著 | |
| 分册: | ||
| 出版信息: | 北京 中国建筑工业出版社 2004.09 |
|
| 页数: | 12, 255页 | |
| 开本: | 26cm | |
| 丛书名: | 现代城市规划丛书 | |
| 单 册: | ||
| 中图分类: | X21 | |
| 科图分类: | ||
| 主题词: | 城市环境--生态环境--环境保护 | |
| 电子资源: | ||
| ISBN: | 7-112-06638-7 | |
| 000 | 00974nam 2200253 450 | |
| 001 | 0183534999 | |
| 005 | 20050926101232.02 | |
| 010 | @a7-112-06638-7@dCNY28.00 | |
| 100 | @a20050316d2004 km y0chiy0120 ea | |
| 101 | 0 | @achi |
| 102 | @aCN@b110000 | |
| 105 | @aa a 000yy | |
| 200 | 1 | @a城市生态安全导论@Acheng shi sheng tai an quan dao lun@f曹伟著@Fcao wei zhu |
| 210 | @a北京@c中国建筑工业出版社@d2004.09 | |
| 215 | @a12, 255页@c图@d26cm | |
| 225 | 2 | @a现代城市规划丛书 |
| 320 | @a有书目 (第250-253页)。 | |
| 330 | @a本书立足于跨学科交叉领域的探索,利用系统工程的观点,试图找出那些对城市生态安全构成影响的要素,进行分析与探索,旨在对城市生态安全的各子系统进行优化整合,形成关于城市生态安全的理论框架与基础体系,并为进一步建立评价体系提供重要的理论研究基础。 | |
| 410 | 0 | @12001 @a现代城市规划丛书 |
| 606 | 0 | @a城市环境@x生态环境@x环境保护 |
| 690 | @aX21@v4 | |
| 701 | 0 | @a曹伟,@Acao wei,@f1962-@4著 |
| 801 | 0 | @aCN@bQSSK@c20050926 |
| 905 | @a10447@dX21@eC150 | |
| 城市生态安全导论/曹伟著.-北京:中国建筑工业出版社,2004.09 |
| 12, 255页:图;26cm.-(现代城市规划丛书) |
| ISBN 7-112-06638-7:CNY28.00 |
| 本书立足于跨学科交叉领域的探索,利用系统工程的观点,试图找出那些对城市生态安全构成影响的要素,进行分析与探索,旨在对城市生态安全的各子系统进行优化整合,形成关于城市生态安全的理论框架与基础体系,并为进一步建立评价体系提供重要的理论研究基础。 |
| ● |
| 相关链接 |
|
|
|
正题名:城市生态安全导论
索取号:X21/C150
 
预约/预借
| 序号 | 登录号 | 条形码 | 馆藏地/架位号 | 状态 | 备注 |
| 1 | 527657 | 205276574 | 自科库501/501自科库 94排2列1层/ [索取号:X21/C150] | 在馆 | |
| 2 | 527658 | 205276583 | 自科库501/501自科库 94排2列1层/ [索取号:X21/C150] | 在馆 | |
| 3 | 527659 | 205276592 | 期刊室512/501自科库 94排2列1层/ [索取号:X21/C150] | 在馆 |